000 00612nam a2200205Ii 4500
003 JO-AjNU
008 230606s9999||||xx |||||||||||||| ||und||
020 _a978-81-313-0773-1
040 _aJO-AjNU
_beng
_erda
_cJO-AjNU
041 _aeng
050 1 4 _aBF721.2010
100 3 _aChadha,Anupriya,
_eauthor
_9152
245 0 0 _aHelping Children with Behavioural Problems
264 3 1 _aNew Delhi:APH Publishing Corporation,2010
300 _a94p
336 _atext
_btxt
_2rdacontent
337 _aunmediated
_bn
_2rdamedia
338 _avolume
_bnc
_2rdacarrier
650 4 _aHelping Children-Behavioural Problems
_9153
999 _aE80
_c80
_d80